Vistas in Astronautics (Record no. 1852)

MARC details
000 -LEADER
fixed length control field 00689nam a2200217Ia 4500
003 - CONTROL NUMBER IDENTIFIER
control field IN-BaIIA
008 - FIXED-LENGTH DATA ELEMENTS--GENERAL INFORMATION
fixed length control field 211028s9999 xx 000 0 eng d
020 ## - INTERNATIONAL STANDARD BOOK NUMBER
International Standard Book Number NO
040 ## - CATALOGING SOURCE
Transcribing agency IIA Library
080 ## - UNIVERSAL DECIMAL CLASSIFICATION NUMBER
Universal Decimal Classification number 629.19
Item number ALP
245 #0 - TITLE STATEMENT
Title Vistas in Astronautics
Remainder of title vol. 2
Statement of responsibility, etc. edited by Morton Alperin, Marvin Stern and Harold Wooster
260 ## - PUBLICATION, DISTRIBUTION, ETC.
Place of publication, distribution, etc. London, Pergamon Press
Date of publication, distribution, etc. 1958
300 ## - PHYSICAL DESCRIPTION
Extent xi, 330p.
490 ## - SERIES STATEMENT
Series statement International Series of Monographs on Aeronautical Sciences
650 ## - SUBJECT ADDED ENTRY--TOPICAL TERM
Topical term or geographic name entry element Astronautics
9 (RLIN) 3551
650 ## - SUBJECT ADDED ENTRY--TOPICAL TERM
Topical term or geographic name entry element Astronomy and Astrophysics Thesaurus
700 ## - ADDED ENTRY--PERSONAL NAME
Personal name Alperin, Morton.,ed.
9 (RLIN) 3552
700 ## - ADDED ENTRY--PERSONAL NAME
Personal name Stern, Marvin.,ed.
9 (RLIN) 3553
700 ## - ADDED ENTRY--PERSONAL NAME
Personal name Wooster, Harold.,ed.
9 (RLIN) 3554
942 ## - ADDED ENTRY ELEMENTS (KOHA)
Koha item type Books
Holdings
Withdrawn status Lost status Damaged status Not for loan Home library Current library Shelving location Date acquired Cost, normal purchase price Total Checkouts Full call number Barcode Date last seen Cost, replacement price Price effective from Koha item type Purchase Price
        IIA Library-Bangalore IIA Library-Kodaikanal General Stacks   69.30   629.19/ ALP 2036 05/11/2021 69.30   Books Rs. 69.30

Powered by Koha